| 000 | 00463nam a2200181Ia 4500 | ||
|---|---|---|---|
| 001 | 4379 | ||
| 005 | 20260306145751.0 | ||
| 008 | 260306t2019||||xx |||||||||||||| ||spa|| | ||
| 041 | _aESP | ||
| 082 |
_a320.985 _bP78 |
||
| 100 |
_aPortocarrero Suárez, Felipe _eAUT |
||
| 245 | 0 | _aAproximaciones al Perú de hoy desde las ciencias sociales | |
| 260 | _c2019 | ||
| 300 |
_a338 páginas : _c23 cm. |
||
| 650 | _aGEN | ||
| 654 | _aCDE | ||
| 942 |
_cLIB _dJUS _fJUS _2ddc _n |
||
| 999 |
_c4379 _d4379 |
||